000 00635nam a2200193 a 4500
001 000017770
005 20200929165226.0
008 100331s1988 dr a 000 0 spa d
040 _aDO-SdBNP
082 _axxx
_bP644p
100 1 _aPimentel, Juan
_d1920-
_938646
245 1 0 _aPeripecias de un viaje a oriente /
_cJuan Pimentel ; prólogo Homero.
260 _a[República Dominicana] :
_bValdez, C. x A.,
_c1988.
300 _a102 p. :
_bil. ;
_c19 cm.
500 _aIncluye datos biográficos del autor en la contracubierta
500 _aIncluye notas al pie de las páginas
700 1 _aHomero,
_epról.
_938113
049 _aBNPD
999 _c17295
_d17295